[Event "Balaguer op"]
[Site "Balaguer ESP"]
[Date "2008.07.19"]
[Round "6"]
[White "Ipatov, A."]
[Black "Sai Krishna, GV."]
[Result "1-0"]
[WhiteElo "2433"]
[BlackElo "2139"]
[PlyCount "123"]
[EventDate "2008.07.14"]
[EventType "swiss"]
[EventRounds "10"]
[EventCountry "ESP"]
[Source "Mark Crowther"]
[SourceDate "2008.08.04"]

1. d4 Nf6 2. c4 g6 3. Nc3 Bg7 4. e4 d6 5. Bg5 Nc6 6. d5 Ne5 7. f4 Neg4 8. Qd2
h6 9. Bh4 g5 10. fxg5 hxg5 11. Bxg5 Rxh2 12. Rxh2 Nxh2 13. Be2 Nhg4 14. Nf3 c5
15. dxc6 bxc6 16. c5 dxc5 17. Qc2 Be6 18. Bd2 Qc7 19. O-O-O Rb8 20. Ng5 Rd8 21.
Nxe6 fxe6 22. Kb1 Qe5 23. Bf3 Nf2 24. Rf1 Nd3 25. a3 c4 26. Ka2 Rb8 27. Rb1 Nd7
28. Na4 Qb5 29. b3 cxb3+ 30. Rxb3 Qxb3+ 31. Qxb3 Rxb3 32. Kxb3 Nb6 33. Be3 Nc8
34. Be2 Ne5 35. Nc5 Kf7 36. Bh5+ Kg8 37. Nxe6 Nd6 38. Bxa7 Nxe4 39. Nxg7 Kxg7
40. Bd4 Kf6 41. Bf3 Nd6 42. Bxc6 Ke6 43. Bxe5 Kxe5 44. a4 Kd4 45. g4 e5 46. g5
e4 47. g6 Nf5 48. a5 e3 49. Bf3 Kc5 50. Bg4 Ne7 51. g7 Kb5 52. Kc3 Kxa5 53. Kd3
Kb4 54. Kxe3 Kc5 55. Kf4 Kd6 56. Kg5 Ng8 57. Bd1 Ne7 58. Bb3 Kd7 59. Bf7 Kd8
60. Be6 Kc7 61. Kf6 Kd6 62. Kf7 1-0

[Event "Mayors Cup op"]
[Site "Mumbai IND"]
[Date "2008.05.12"]
[Round "3"]
[White "Sai Krishna, GV."]
[Black "Shyam, Nikhil Ponnusamy"]
[Result "1-0"]
[WhiteElo "2146"]
[BlackElo "2310"]
[PlyCount "77"]
[EventDate "2008.05.11"]
[EventType "swiss"]
[EventRounds "11"]
[EventCountry "IND"]
[Source "ChessBase"]
[SourceDate "2008.07.03"]

1. e4 c5 2. Nf3 d6 3. d4 cxd4 4. Nxd4 Nf6 5. Nc3 a6 6. Bg5 e6 7. f4 Qc7 8. Qf3
b5 9. O-O-O b4 10. Nce2 Bb7 11. Ng3 Nbd7 12. Bd3 Qb6 13. Bc4 Rc8 14. Bb3 Nc5
15. Rhe1 Be7 16. Kb1 h6 17. Bxf6 Bxf6 18. Qe3 Nxb3 19. axb3 Qc5 20. e5 dxe5 21.
fxe5 Bg5 22. Qf2 Bh4 23. Qf4 Bxg3 24. hxg3 Bxg2 25. Qg4 O-O 26. Re2 Bd5 27. Rh2
Kh7 28. Rdd2 Rfd8 29. Qf4 Kg8 30. Rh4 Kf8 31. Rg4 Qe7 32. Rh2 g5 33. Rxh6 Ke8
34. Rxg5 Kd7 35. Rg7 Rf8 36. Rhh7 Ke8 37. g4 Qb7 38. Qh6 Be4 39. Rxf7 1-0

[Event "Mayors Cup op"]
[Site "Mumbai IND"]
[Date "2008.05.13"]
[Round "4"]
[White "Kunte, Abhijit"]
[Black "Sai Krishna, GV."]
[Result "1-0"]
[WhiteElo "2547"]
[BlackElo "2146"]
[PlyCount "63"]
[EventDate "2008.05.11"]
[EventType "swiss"]
[EventRounds "11"]
[EventCountry "IND"]
[Source "ChessBase"]
[SourceDate "2008.07.03"]

1. d4 Nf6 2. c4 g6 3. g3 Bg7 4. Bg2 O-O 5. Nc3 d6 6. Nf3 Nc6 7. O-O a6 8. b3
Rb8 9. Bb2 b5 10. d5 Na5 11. cxb5 axb5 12. Nd4 Bd7 13. Qd2 b4 14. Nd1 Rb6 15.
a3 bxa3 16. Rxa3 Nb7 17. Ne3 Nc5 18. Nc4 Rb7 19. Na5 Rb6 20. Nac6 Bxc6 21. Nxc6
Qd7 22. b4 Nfe4 23. Qc2 Bxb2 24. Qxb2 e6 25. Qd4 exd5 26. bxc5 dxc5 27. Qxd5
Qxc6 28. Qxc6 Rxc6 29. Bxe4 Re6 30. Bd3 Rd8 31. Rc1 Re5 32. f4 1-0

[Event "Mayors Cup op"]
[Site "Mumbai IND"]
[Date "2008.05.15"]
[Round "6"]
[White "Gokhale, Chandrashekhar"]
[Black "Sai Krishna, GV."]
[Result "1/2-1/2"]
[WhiteElo "2321"]
[BlackElo "2146"]
[PlyCount "90"]
[EventDate "2008.05.11"]
[EventType "swiss"]
[EventRounds "11"]
[EventCountry "IND"]
[Source "ChessBase"]
[SourceDate "2008.07.03"]

1. Nf3 Nf6 2. g3 g6 3. Bg2 Bg7 4. O-O O-O 5. d4 d6 6. b3 e5 7. dxe5 dxe5 8.
Qxd8 Rxd8 9. Bb2 e4 10. Nfd2 Bf5 11. h3 h5 12. Nc4 Nc6 13. Nc3 Nd4 14. Ne3 Bh6
15. Nxf5 gxf5 16. e3 Nxc2 17. Rac1 Nxe3 18. fxe3 Bxe3+ 19. Kh2 Bxc1 20. Bxc1
Rd3 21. Ne2 Rd5 22. Nf4 Ra5 23. a4 Rd8 24. Re1 Nd5 25. Nxh5 Rc5 26. g4 fxg4 27.
hxg4 Rc2 28. Kh3 Re8 29. Rxe4 Rxe4 30. Bxe4 Rxc1 31. Bxd5 c6 32. Bc4 a6 33. a5
Ra1 34. Nf6+ Kf8 35. Nd7+ Ke7 36. Nc5 Rxa5 37. Nxb7 Re5 38. b4 Re3+ 39. Kh4 Re4
40. Na5 f5 41. Bxa6 Rxg4+ 42. Kh3 Rg6 43. Bb7 Kd7 44. Bxc6+ Rxc6 45. Nxc6 Kxc6
1/2-1/2

[Event "Mayors Cup op"]
[Site "Mumbai IND"]
[Date "2008.05.16"]
[Round "8"]
[White "Shetye, Shyam"]
[Black "Sai Krishna, GV."]
[Result "0-1"]
[WhiteElo "1974"]
[BlackElo "2146"]
[PlyCount "44"]
[EventDate "2008.05.11"]
[EventType "swiss"]
[EventRounds "11"]
[EventCountry "IND"]
[Source "ChessBase"]
[SourceDate "2008.07.03"]

1. d4 Nf6 2. c4 g6 3. Nc3 Bg7 4. e4 d6 5. Nge2 O-O 6. Ng3 e5 7. d5 a5 8. Be2
Na6 9. h4 h5 10. Bg5 Qe8 11. Bxf6 Bxf6 12. Bxh5 gxh5 13. Nxh5 Bg7 14. Nxg7 Kxg7
15. h5 f5 16. Qf3 f4 17. h6+ Kh7 18. O-O-O Qg6 19. Rh4 Rg8 20. Rg1 Nc5 21. g3
Bg4 22. Qh1 f3 0-1

[Event "Mayors Cup op"]
[Site "Mumbai IND"]
[Date "2008.05.17"]
[Round "9"]
[White "Sai Krishna, GV."]
[Black "Sarthak, Patel"]
[Result "1-0"]
[WhiteElo "2146"]
[BlackElo "1544"]
[PlyCount "81"]
[EventDate "2008.05.11"]
[EventType "swiss"]
[EventRounds "11"]
[EventCountry "IND"]
[Source "ChessBase"]
[SourceDate "2008.07.03"]

1. e4 c5 2. Nf3 e6 3. d4 cxd4 4. Nxd4 a6 5. Bd3 Nc6 6. Nb3 Nf6 7. O-O Be7 8. c4
d6 9. Nc3 O-O 10. f4 Qc7 11. Be3 Nb4 12. Bb1 e5 13. f5 Bd7 14. a3 Nc6 15. g4
Kh8 16. g5 Ng8 17. Qh5 f6 18. g6 h6 19. Nd5 Qd8 20. Bd3 Rb8 21. Nb6 Be8 22. Kh1
Nd4 23. Bxd4 exd4 24. Nd5 Bc6 25. Nxd4 Bxd5 26. exd5 Qb6 27. Ne6 Rfc8 28. Qe2
Qb3 29. Nd4 Qb6 30. Qf2 Re8 31. b4 Bf8 32. Ne6 Qxf2 33. Rxf2 Rbc8 34. Re2 Be7
35. Rae1 b6 36. Nd4 Rc7 37. Nc6 Rxc6 38. dxc6 a5 39. b5 h5 40. Be4 Bd8 41. Bd5
1-0

[Event "Mayors Cup op"]
[Site "Mumbai IND"]
[Date "2008.05.18"]
[Round "10"]
[White "Tiwari, Arjun"]
[Black "Sai Krishna, GV."]
[Result "1/2-1/2"]
[WhiteElo "2320"]
[BlackElo "2146"]
[PlyCount "100"]
[EventDate "2008.05.11"]
[EventType "swiss"]
[EventRounds "11"]
[EventCountry "IND"]
[Source "ChessBase"]
[SourceDate "2008.07.03"]

1. e4 e5 2. Nf3 Nc6 3. d4 exd4 4. Bc4 Bc5 5. c3 Nf6 6. cxd4 Bb4+ 7. Bd2 Bxd2+
8. Nbxd2 d5 9. exd5 Nxd5 10. Qb3 Na5 11. Qa4+ Nc6 12. Qb3 Na5 13. Qa4+ Nc6 14.
Ne5 O-O 15. Bxd5 Nxe5 16. Be4 Ng6 17. O-O-O c6 18. g3 Be6 19. Kb1 Qd6 20. Nc4
Qc7 21. Ne3 Rad8 22. d5 cxd5 23. Nxd5 Qc5 24. Qd4 Qxd4 25. Rxd4 f5 26. Bg2 Rd7
27. Re1 Kf7 28. Rdd1 Rfd8 29. Nc3 Rxd1+ 30. Rxd1 Rxd1+ 31. Nxd1 b6 32. f4 Ne7
33. Ne3 Kf6 34. h4 g6 35. a3 h6 36. Kc2 g5 37. hxg5+ hxg5 38. fxg5+ Kxg5 39.
Kd3 f4 40. gxf4+ Kxf4 41. Kd4 Nf5+ 42. Nxf5 Kxf5 43. Bd5 Kf6 44. Bc6 Ke7 45.
Ke5 Bb3 46. Bb5 Bf7 47. b4 a5 48. Bc6 axb4 49. axb4 Bb3 50. Bd5 Bd1 1/2-1/2

[Event "Mayors Cup op"]
[Site "Mumbai IND"]
[Date "2008.05.19"]
[Round "11"]
[White "Sai Krishna, GV."]
[Black "Sharma, R Preetham"]
[Result "0-1"]
[WhiteElo "2146"]
[BlackElo "2299"]
[PlyCount "68"]
[EventDate "2008.05.11"]
[EventType "swiss"]
[EventRounds "11"]
[EventCountry "IND"]
[Source "ChessBase"]
[SourceDate "2008.07.03"]

1. e4 c5 2. Nf3 d6 3. d4 cxd4 4. Nxd4 Nf6 5. Nc3 g6 6. Be3 Bg7 7. f3 a6 8. Qd2
Nbd7 9. O-O-O b5 10. Bh6 Bxh6 11. Qxh6 Bb7 12. Bd3 Qc7 13. Kb1 Nc5 14. Rhe1
O-O-O 15. Nb3 e5 16. Qh4 Qe7 17. Qf2 Kb8 18. Na5 Ba8 19. b4 Qc7 20. Bxb5 axb5
21. Nxb5 Qb6 22. c4 Rd7 23. Qe3 Rhd8 24. Ka1 Qa6 25. bxc5 Qxa5 26. cxd6 Bc6 27.
Rd3 Rb7 28. Rb1 Bxb5 29. Ra3 Ba4 30. Rb5 Rxb5 31. cxb5 Rxd6 32. Rc3 Rd1+ 33.
Kb2 Qb4+ 34. Rb3 Qd2+ 0-1

[Event "Parsvnath op"]
[Site "New Delhi IND"]
[Date "2008.01.13"]
[Round "2"]
[White "Sai Krishna, GV."]
[Black "Venkatesh, Marani Rajendran"]
[Result "0-1"]
[WhiteElo "2124"]
[BlackElo "2444"]
[PlyCount "88"]
[EventDate "2008.01.13"]
[EventType "swiss"]
[EventRounds "10"]
[EventCountry "IND"]
[Source "ChessBase"]
[SourceDate "2008.03.04"]

1. e4 c5 2. Nf3 Nc6 3. d4 cxd4 4. Nxd4 Nf6 5. Nc3 d6 6. Bg5 e6 7. Qd2 a6 8.
O-O-O Bd7 9. f3 Be7 10. g4 h5 11. gxh5 Rxh5 12. f4 Qc7 13. Be2 Rh8 14. f5 Ne5
15. Kb1 b5 16. fxe6 fxe6 17. Bd3 Nf7 18. h4 b4 19. Nce2 Qb7 20. Ng3 Ne5 21. Qe2
a5 22. Bc4 Nxc4 23. Qxc4 Rc8 24. Qd3 Qc7 25. e5 dxe5 26. Qg6+ Kf8 27. Rhf1 Kg8
28. Bxf6 Bxf6 29. Ne4 Rh6 30. Nxf6+ Kh8 31. Qg5 exd4 32. Nxd7 Qxd7 33. Qxa5 Qc6
34. Rc1 Qd6 35. h5 e5 36. Rf5 d3 37. Qxe5 dxc2+ 38. Ka1 Qd1 39. Qf4 Kg8 40. Re5
Rf6 41. Qe3 Qxc1+ 42. Qxc1 Rf1 43. Re8+ Kh7 44. Rh8+ Kxh8 0-1

[Event "Parsvnath op"]
[Site "New Delhi IND"]
[Date "2008.01.16"]
[Round "6"]
[White "Sai Krishna, GV."]
[Black "Ramakrishna, J."]
[Result "0-1"]
[WhiteElo "2124"]
[BlackElo "2296"]
[PlyCount "76"]
[EventDate "2008.01.13"]
[EventType "swiss"]
[EventRounds "10"]
[EventCountry "IND"]
[Source "ChessBase"]
[SourceDate "2008.03.04"]

1. e4 c5 2. Nf3 d6 3. d4 cxd4 4. Nxd4 Nf6 5. Nc3 Nc6 6. Bg5 Bd7 7. Qd2 Rc8 8.
O-O-O Nxd4 9. Qxd4 Qa5 10. Bd2 e5 11. Qd3 a6 12. Kb1 Be6 13. Nd5 Qd8 14. Bg5
Bxd5 15. exd5 Be7 16. f3 O-O 17. Bxf6 Bxf6 18. h4 e4 19. fxe4 Rc5 20. Qb3 b5
21. Bd3 Be5 22. Rdf1 Qc7 23. c3 Rb8 24. Rf3 Qd8 25. Qd1 Rc7 26. Qf1 Qc8 27. Be2
b4 28. c4 a5 29. Qf2 a4 30. Rf1 Qe8 31. Rf5 a3 32. b3 g6 33. Rf3 Bg7 34. Kc2
Qxe4+ 35. Rd3 Re8 36. Bf3 Rxc4+ 37. bxc4 Qxc4+ 38. Kd2 Bh6+ 0-1

[Event "Parsvnath op"]
[Site "New Delhi IND"]
[Date "2008.01.18"]
[Round "8"]
[White "Sai Krishna, GV."]
[Black "Tiwari, Arjun"]
[Result "0-1"]
[WhiteElo "2124"]
[BlackElo "2322"]
[PlyCount "134"]
[EventDate "2008.01.13"]
[EventType "swiss"]
[EventRounds "10"]
[EventCountry "IND"]
[Source "ChessBase"]
[SourceDate "2008.03.04"]

1. e4 c5 2. Nf3 Nc6 3. d4 cxd4 4. Nxd4 e5 5. Nb5 d6 6. N1c3 a6 7. Na3 b5 8. Nd5
Nf6 9. Bg5 Qa5+ 10. Bd2 Qd8 11. Bg5 Be7 12. Bxf6 Bxf6 13. c3 O-O 14. Nc2 Bg5
15. a4 bxa4 16. Rxa4 Bb7 17. Be2 Nb8 18. O-O Nd7 19. b4 Kh8 20. Qa1 Nb6 21. Ra5
Nxd5 22. exd5 Qc8 23. c4 f5 24. Rd1 f4 25. f3 Bd8 26. Ra3 a5 27. bxa5 Qc5+ 28.
Kh1 Rxa5 29. Rb1 Bc8 30. Bd3 Rxa3 31. Qxa3 Bb6 32. Qxc5 Bxc5 33. Rb8 g6 34. Na1
Kg7 35. Nb3 Be3 36. Na5 Ba7 37. Ra8 Bb6 38. Nb3 Be3 39. Na5 Kf7 40. Nc6 Bc5 41.
Ra5 Re8 42. Ra8 Bf2 43. h3 Bf5 44. Rxe8 Kxe8 45. Be4 Bc8 46. Bd3 Kd7 47. Be4
Kc7 48. Ne7 Ba6 49. Ng8 Bh4 50. g3 fxg3 51. Kg2 Bxc4 52. Nh6 Kb6 53. Ng4 Kc5
54. Ne3 Bb3 55. Nf1 Bxd5 56. Bc2 Kd4 57. Nxg3 Bxg3 58. Kxg3 Ke3 59. Bd1 Bc4 60.
Kh4 Kf4 61. Bc2 Kxf3 62. Kg5 e4 63. Bd1+ Kg3 64. Kh6 e3 65. Kxh7 d5 66. h4 d4
67. h5 gxh5 0-1

[Event "Commonwealth-ch"]
[Site "New Delhi IND"]
[Date "2007.12.04"]
[Round "3"]
[White "Sai Krishna, GV."]
[Black "Sahajasri"]
[Result "1-0"]
[WhiteElo "2167"]
[BlackElo "1928"]
[PlyCount "91"]
[EventDate "2007.12.03"]
[EventType "swiss"]
[EventRounds "10"]
[EventCountry "IND"]
[Source "ChessBase"]
[SourceDate "2008.01.10"]

1. e4 c5 2. Nf3 d6 3. d4 cxd4 4. Nxd4 Nf6 5. Nc3 a6 6. Bg5 e6 7. f4 Nc6 8. Nxc6
bxc6 9. e5 h6 10. Bh4 g5 11. fxg5 Nd5 12. Ne4 Qb6 13. Bd3 hxg5 14. Bg3 Qe3+ 15.
Qe2 Qxe2+ 16. Kxe2 dxe5 17. Bxe5 Rh6 18. Raf1 Be7 19. c4 Nb4 20. Bb1 a5 21. a3
Na6 22. Bg7 Rh4 23. g3 Rh5 24. h4 gxh4 25. g4 Rc5 26. Nxc5 Nxc5 27. Bd3 Ba6 28.
Bd4 Rb8 29. Rh3 Rb3 30. Bxc5 Rxb2+ 31. Kf3 Bxc5 32. Rxh4 Bxa3 33. Rh8+ Ke7 34.
Rh7 Rb7 35. Ke3 Bc5+ 36. Kd2 Kf8 37. Bg6 Bxc4 38. Rfxf7+ Rxf7 39. Rxf7+ Kg8 40.
Rc7 Bb4+ 41. Ke3 Bd5 42. Be8 c5 43. Kf4 c4 44. Kg5 c3 45. Kf6 Ba3 46. Bf7+ 1-0

[Event "Commonwealth-ch"]
[Site "New Delhi IND"]
[Date "2007.12.05"]
[Round "5"]
[White "Sai Krishna, GV."]
[Black "Tejaswini, Reddy S"]
[Result "1-0"]
[WhiteElo "2167"]
[BlackElo "1967"]
[PlyCount "69"]
[EventDate "2007.12.03"]
[EventType "swiss"]
[EventRounds "10"]
[EventCountry "IND"]
[Source "ChessBase"]
[SourceDate "2008.01.10"]

1. e4 c5 2. Nf3 d6 3. d4 cxd4 4. Nxd4 Nf6 5. Nc3 a6 6. Bg5 e6 7. f4 Be7 8. Qf3
Qc7 9. O-O-O Nbd7 10. g4 b5 11. Bxf6 Nxf6 12. g5 Nd7 13. f5 Bxg5+ 14. Kb1 Ne5
15. Qh5 Qd8 16. h4 Bf6 17. fxe6 g6 18. Qh6 Bxe6 19. Bh3 Qe7 20. Nd5 Bxd5 21.
exd5 Qc7 22. Nc6 a5 23. Rhf1 Be7 24. Qg7 Rf8 25. Be6 Ra6 26. Nxe5 dxe5 27. Rxf7
Qd6 28. Qxh7 Rxf7 29. Qxf7+ Kd8 30. Qxg6 Bxh4 31. Qg8+ Kc7 32. c4 bxc4 33. Rc1
Bf2 34. Qf7+ Kb6 35. Qxf2+ 1-0

[Event "Commonwealth-ch"]
[Site "New Delhi IND"]
[Date "2007.12.07"]
[Round "7"]
[White "Sai Krishna, GV."]
[Black "Gokhale, Chandrashekhar"]
[Result "1/2-1/2"]
[WhiteElo "2167"]
[BlackElo "2333"]
[PlyCount "54"]
[EventDate "2007.12.03"]
[EventType "swiss"]
[EventRounds "10"]
[EventCountry "IND"]
[Source "ChessBase"]
[SourceDate "2008.01.10"]

1. e4 d6 2. d4 Nf6 3. Nc3 e5 4. dxe5 dxe5 5. Qxd8+ Kxd8 6. Bg5 Be6 7. O-O-O+
Nbd7 8. Nf3 Bd6 9. Bb5 Kc8 10. Bxf6 gxf6 11. Bxd7+ Kxd7 12. Nd5 Bxd5 13. Rxd5
Rhg8 14. g3 c6 15. Rd3 Ke6 16. Rhd1 Rad8 17. Nh4 Bc7 18. Nf5 Rxd3 19. Rxd3 Rd8
20. Rxd8 Bxd8 21. Kd2 Bb6 22. Ke2 Bc5 23. Kf3 a5 24. b3 b5 25. a4 Bb4 26. Kg4
Bf8 27. h4 Kd7 1/2-1/2

[Event "Commonwealth-ch"]
[Site "New Delhi IND"]
[Date "2007.12.09"]
[Round "9"]
[White "Sai Krishna, GV."]
[Black "Saptarshi, Roy"]
[Result "0-1"]
[WhiteElo "2167"]
[BlackElo "2412"]
[PlyCount "122"]
[EventDate "2007.12.03"]
[EventType "swiss"]
[EventRounds "10"]
[EventCountry "IND"]
[Source "ChessBase"]
[SourceDate "2008.01.10"]

1. e4 e5 2. Nf3 Nc6 3. Bb5 a6 4. Ba4 Nf6 5. O-O Nxe4 6. d4 b5 7. Bb3 d5 8. dxe5
Be6 9. c3 Be7 10. Qe2 Nc5 11. Bc2 d4 12. cxd4 Nxd4 13. Nxd4 Qxd4 14. Rd1 Bg4
15. Rxd4 Bxe2 16. Nc3 Bh5 17. Be3 Bg6 18. Bxg6 hxg6 19. Rd2 Ne6 20. Rc1 c5 21.
b3 Rc8 22. Ne4 O-O 23. Rd7 Rfe8 24. Nd6 Rcd8 25. Rxd8 Rxd8 26. Bxc5 f6 27. Bb6
Rd7 28. Rc8+ Kh7 29. g3 Bxd6 30. exd6 Rxd6 31. Be3 g5 32. Rb8 Kg6 33. Rb6 Rxb6
34. Bxb6 Kf5 35. Kf1 Ke4 36. Ke2 g4 37. Kd2 Nd4 38. Kc3 Nc6 39. a4 f5 40. Be3
g6 41. Bf4 Kf3 42. Be3 Kg2 43. Kd3 Kxh2 44. Bf4 Kg2 45. Ke3 Nd8 46. axb5 axb5
47. b4 Ne6 48. Be5 Ng5 49. Bd4 Nh3 50. Ke2 g5 51. Be3 f4 52. gxf4 gxf4 53. Bc5
f3+ 54. Ke1 Nxf2 55. Bxf2 g3 56. Bxg3 Kxg3 57. Kf1 Kf4 58. Kf2 Ke4 59. Kg3 Ke3
60. Kh2 f2 61. Kg2 Ke2 0-1

[Event "Commonwealth-ch"]
[Site "New Delhi IND"]
[Date "2007.12.10"]
[Round "10"]
[White "Bharathi, R."]
[Black "Sai Krishna, GV."]
[Result "0-1"]
[WhiteElo "2017"]
[BlackElo "2167"]
[PlyCount "44"]
[EventDate "2007.12.03"]
[EventType "swiss"]
[EventRounds "10"]
[EventCountry "IND"]
[Source "ChessBase"]
[SourceDate "2008.01.10"]

1. e4 e5 2. Nf3 Nc6 3. d4 exd4 4. Nxd4 Nf6 5. Nxc6 bxc6 6. e5 Qe7 7. Qe2 Nd5 8.
c4 Nb6 9. b3 g6 10. Bb2 Bg7 11. Nd2 d6 12. f4 O-O 13. O-O-O dxe5 14. fxe5 a5
15. g4 a4 16. h4 axb3 17. axb3 Ra2 18. Re1 Be6 19. h5 Qb4 20. hxg6 Rxb2 21. Qh2
Qc3+ 22. Kd1 Bxg4+ 0-1

[Event "WYCC U12"]
[Site "Kemer/Antalya TUR"]
[Date "2007.11.19"]
[Round "2.8"]
[White "Sai Krishna, GV."]
[Black "Vetoshko, Volodymyr"]
[Result "1-0"]
[WhiteElo "2167"]
[BlackElo "1903"]
[PlyCount "59"]
[EventDate "2007.11.18"]
[EventType "swiss"]
[EventRounds "11"]
[EventCountry "TUR"]
[Source "Reinhold Goldau"]
[SourceDate "2000.03.01"]

1. e4 c5 2. Nf3 d6 3. d4 cxd4 4. Nxd4 Nf6 5. Nc3 a6 6. Bg5 e6 7. f4 Be7 8. Qf3
Qc7 9. O-O-O Nbd7 10. g4 b5 11. Bxf6 Nxf6 12. g5 Nd7 13. f5 Bxg5+ 14. Kb1 Ne5
15. Qh5 Qd8 16. h4 Bf6 17. fxe6 O-O 18. Bh3 g6 19. Qe2 h5 20. Nd5 Kh7 21. Bf5
Kh8 22. Qe3 Kh7 23. Rdg1 Nc4 24. Qe2 Ne5 25. Qxh5+ Kg7 26. Bxg6 fxg6 27. Rxg6+
Nxg6 28. Nf5+ Kg8 29. Qxg6+ Kh8 30. Qh6+ 1-0

[Event "WYCC U12"]
[Site "Kemer/Antalya TUR"]
[Date "2007.11.20"]
[Round "3.5"]
[White "Nakauchi, Gene"]
[Black "Sai Krishna, GV."]
[Result "1/2-1/2"]
[WhiteElo "2040"]
[BlackElo "2167"]
[PlyCount "126"]
[EventDate "2007.11.18"]
[EventType "swiss"]
[EventRounds "11"]
[EventCountry "TUR"]
[Source "Reinhold Goldau"]
[SourceDate "2000.03.01"]

1. d4 Nf6 2. c4 g6 3. g3 Bg7 4. Bg2 O-O 5. Nf3 d6 6. O-O Nc6 7. Nc3 a6 8. d5
Na5 9. Nd2 c5 10. a3 Ng4 11. Qc2 Ne5 12. b3 Rb8 13. Rb1 b5 14. cxb5 axb5 15. b4
cxb4 16. axb4 Nac4 17. Nxc4 bxc4 18. Bf4 Bf5 19. e4 Bd7 20. Ne2 Qc7 21. Rfc1
Rfc8 22. Bxe5 Bxe5 23. Bf1 Ra8 24. b5 Qb6 25. Rb4 Ra3 26. Kg2 Bg4 27. Ng1 Bc3
28. Qxc3 Rxc3 29. Rxc3 Qa5 30. Rbxc4 Rxc4 31. Rxc4 Bd7 32. Nf3 Bxb5 33. Rc8+
Kg7 34. Bxb5 Qxb5 35. Rc1 Kf6 36. Rc6 Qd3 37. e5+ Kg7 38. exd6 Qxd5 39. Ra6 e5
40. h4 e4 41. Ng1 e3+ 42. Nf3 e2 43. Ra1 Qxd6 44. Re1 Qd1 45. g4 f5 46. gxf5
gxf5 47. Rg1 Kf6 48. Ne1 Qd4 49. f3 f4 50. Rh1 Kg6 51. h5+ Kf6 52. h6 Ke6 53.
Rh5 Kd6 54. Rf5 Kc6 55. Rh5 Kd6 56. Rf5 Ke6 57. Rh5 Kf6 58. Rh3 Qd2 59. Kf2 Ke5
60. Rh5+ Kd4 61. Rb5 Qe3+ 62. Kg2 Kc3 63. Rd5 Qb6 1/2-1/2

[Event "WYCC U12"]
[Site "Kemer/Antalya TUR"]
[Date "2007.11.21"]
[Round "4.7"]
[White "Sai Krishna, GV."]
[Black "Fu, Xiaoyong"]
[Result "1-0"]
[WhiteElo "2167"]
[BlackElo "1990"]
[PlyCount "114"]
[EventDate "2007.11.18"]
[EventType "swiss"]
[EventRounds "11"]
[EventCountry "TUR"]
[Source "Reinhold Goldau"]
[SourceDate "2000.03.01"]

1. e4 e5 2. Nf3 Nc6 3. Bb5 a6 4. Ba4 Nf6 5. O-O Be7 6. Re1 b5 7. Bb3 d6 8. c3
O-O 9. h3 Na5 10. Bc2 c5 11. d4 Qc7 12. d5 Nc4 13. a4 Bd7 14. b3 Na5 15. Nbd2
bxa4 16. bxa4 c4 17. Ba3 Rfc8 18. Nxe5 Bxh3 19. Nxf7 Bg4 20. f3 Bh5 21. Ng5
Nxd5 22. exd5 Bxg5 23. Ne4 Bf4 24. Qd4 Rf8 25. Rab1 Qd8 26. Qf2 Bg6 27. Rb6 Qc7
28. Bb4 Nb7 29. Rc6 Qd8 30. Rxc4 Bxe4 31. Rexe4 Qg5 32. Rc7 Rae8 33. Qd4 Nc5
34. Rxc5 dxc5 35. Bxc5 Be5 36. Qd3 Qc1+ 37. Kf2 Bh2 38. Ke2 Qh1 39. Re6 Qxg2+
40. Kd1 Qh1+ 41. Kd2 Bg3 42. Qxh7+ Qxh7 43. Bxh7+ Kxh7 44. Bxf8 Rxf8 45. Rxa6
Rc8 46. Kd3 Rf8 47. Ke3 Rc8 48. Rc6 Ra8 49. Rc4 g5 50. Ke4 Kg6 51. d6 Bxd6 52.
Rc6 Rxa4+ 53. Kd3 Kf5 54. Rxd6 Ke5 55. Rg6 Kf5 56. Rc6 Ra5 57. Rc8 Re5 1-0

[Event "WYCC U12"]
[Site "Kemer/Antalya TUR"]
[Date "2007.11.24"]
[Round "7.7"]
[White "Andersen, Mads"]
[Black "Sai Krishna, GV."]
[Result "1-0"]
[WhiteElo "2061"]
[BlackElo "2167"]
[PlyCount "127"]
[EventDate "2007.11.18"]
[EventType "swiss"]
[EventRounds "11"]
[EventCountry "TUR"]
[Source "Reinhold Goldau"]
[SourceDate "2000.03.01"]

1. e4 e5 2. Nf3 Nc6 3. Bb5 a6 4. Ba4 Nf6 5. O-O Be7 6. Re1 b5 7. Bb3 d6 8. c3
O-O 9. h3 Bb7 10. d4 Re8 11. Nbd2 Bf8 12. d5 Nb8 13. Nf1 Nbd7 14. N3h2 Nc5 15.
Bc2 c6 16. b4 Na4 17. Bxa4 bxa4 18. dxc6 Bxc6 19. Bg5 h6 20. Bxf6 Qxf6 21. c4
Qg6 22. Qg4 Qxg4 23. Nxg4 h5 24. Ngh2 Rec8 25. a3 Rc7 26. f3 Bd7 27. Ne3 Be6
28. Nd5 Bxd5 29. cxd5 Rac8 30. Nf1 g6 31. Ne3 Bh6 32. Nd1 Rc1 33. Nb2 Rxa1 34.
Rxa1 Rc1+ 35. Rxc1 Bxc1 36. Nc4 Kf8 37. Kf1 Ke7 38. Ke2 Kd7 39. Kd1 Bh6 40.
Nb6+ Kc7 41. Nxa4 Bf8 42. Kc2 Be7 43. Nb2 h4 44. Nc4 Kb7 45. Kb3 Ka7 46. Ka4
Ka8 47. b5 Kb7 48. Kb4 Ka7 49. Ka5 axb5 50. Kxb5 Kb7 51. a4 Bf8 52. a5 Be7 53.
a6+ Kc7 54. Na5 Kb8 55. Nc6+ Ka8 56. Nxe7 f5 57. Nxg6 f4 58. Nxe5 dxe5 59. d6
Kb8 60. Kc6 Ka7 61. d7 Kxa6 62. d8=Q Ka7 63. Qc7+ Ka6 64. Qb6# 1-0

[Event "WYCC U12"]
[Site "Kemer/Antalya TUR"]
[Date "2007.11.25"]
[Round "8.14"]
[White "Sai Krishna, GV."]
[Black "Torosyan, Norayr"]
[Result "1-0"]
[WhiteElo "2167"]
[BlackElo "1991"]
[PlyCount "61"]
[EventDate "2007.11.18"]
[EventType "swiss"]
[EventRounds "11"]
[EventCountry "TUR"]
[Source "Reinhold Goldau"]
[SourceDate "2000.03.01"]

1. e4 c5 2. Nf3 Nc6 3. d4 cxd4 4. Nxd4 Nf6 5. Nc3 e5 6. Ndb5 d6 7. Bg5 a6 8.
Na3 b5 9. Nd5 Be7 10. Bxf6 Bxf6 11. c3 Bg5 12. Nc2 Rb8 13. g3 O-O 14. h4 Be7
15. Bg2 Be6 16. Nce3 a5 17. O-O Qd7 18. Qd3 g6 19. Rad1 Rfd8 20. Kh2 Kg7 21.
Rd2 f5 22. f4 Bf8 23. exf5 gxf5 24. fxe5 Nxe5 25. Qd4 Re8 26. Nf4 Bf7 27. Bh3
Bg6 28. h5 Bf7 29. Nxf5+ Kh8 30. Nh6 Qc7 31. Nxf7+ 1-0

[Event "WYCC U12"]
[Site "Kemer/Antalya TUR"]
[Date "2007.11.26"]
[Round "9.10"]
[White "Sanzhaev, Darsen"]
[Black "Sai Krishna, GV."]
[Result "1-0"]
[WhiteElo "2015"]
[BlackElo "2167"]
[PlyCount "93"]
[EventDate "2007.11.18"]
[EventType "swiss"]
[EventRounds "11"]
[EventCountry "TUR"]
[Source "Reinhold Goldau"]
[SourceDate "2000.03.01"]

1. d4 Nf6 2. c4 g6 3. Nc3 Bg7 4. e4 d6 5. f3 O-O 6. Be3 Nc6 7. Nge2 a6 8. Qd2
Rb8 9. Rc1 Bd7 10. Nd1 e5 11. d5 Ne7 12. c5 Ne8 13. g3 f5 14. Bg2 fxe4 15. fxe4
dxc5 16. Rxc5 Nd6 17. Nf2 c6 18. dxc6 Bxc6 19. O-O Nb5 20. Rd1 Qxd2 21. Rxd2
Rbd8 22. Rxd8 Rxd8 23. Nc3 Nd4 24. Bg5 Re8 25. Nd5 Nxd5 26. exd5 Bf8 27. Rc4
Bb5 28. Rc7 Bd6 29. Rxb7 Bc5 30. d6 e4 31. d7 Bxd7 32. Rxd7 Ne6 33. Bh6 e3 34.
Nd3 e2+ 35. Kh1 Bb4 36. Bd5 e1=Q+ 37. Nxe1 Bxe1 38. Rd6 Kf7 39. Rxa6 Kf6 40.
Kg2 Ke5 41. Bxe6 Rxe6 42. Bg7+ Kd5 43. Rxe6 Kxe6 44. Bc3 Bxc3 45. bxc3 Kd5 46.
Kf3 Kc4 47. a4 1-0